000 01386nam a22003255a 4500
005 20080730024538.0
008 080418s2007 ii b 001 0 eng
010 _aENG-91350
020 _a8186921419
_c480.00
020 _a9788186921418
035 _aEN-74883
037 _bDBAD / PUB
040 _adpl
_bEnglish
082 _a610.696
245 _aPatient-physician relationship /
_cedited by Ratna Dutta Sharma [and] Sashinungla.
260 _aNew Delhi :
_bDecent Books
_c2007.
260 _akolkata
_bDepartment of Philosophy, Jadavpur University
_c2007.
300 _axi, 257 p. ;
_c22 cm (Hb)
500 _aMost of the papers presented at the Workshop on "Perspectives of the Patient-physician relationship" held at Kolkata.
500 _aincludes bibliographical references and index.
520 _aMost of the papers presented at the worshop held at Calcutta.
650 _aPhysician and patient
_xCongresses
650 _aPhysician and patient
_zIndia
_xCongresses
650 _aMedical ethics
_xCongresses
700 _aDutta Sharma, Ratna
700 _aSashinungla
710 _aJadavpur University.
_bDept. of Philosophy.
942 _2ddc
_cEN
_h610.696
_mPAT
999 _c16832
_d16832